00637nam a2200169 u 450000100100000000500170001000800410002702000180006808200170008610000270010324501810013026000410031130000290035250000420038170000310042304000130045400004660920201002053010.0170126s2010 sp r 000 0 spa d a9786071103963 a291.4bC549s1 aChopra, Deepak,d1947-10aSincro destino :bdescifra el significado oculto de las coincidencias en tu vida y crea los milagros que has soñado /cDeepak Chopra ; traducción Gerardo Hernández Clark. aMéxico :bPunto de lectura,c2010. a225 p ; :bil. ;c21 cm. aIncluye datos biográficos del autor12aHernández Clark, Gerardo aDO-SdBNP